000 00686cab a2200241 4500
001 ABS57512
008 090401t1997 xxu||||| |||| 00| 0 eng d
035 _a(Sirsi) u80649
041 _aeng
100 _aHenderson, J.
245 _aNew rules for planning inquiries
260 _c1997
350 _a0
490 _aScottish Planner
_v(58) September 1997, 5(1)
520 _aExplains recent changes to inquiry procedure.
650 _aPLANNING INQUIRIES
650 _aSCOTS LAW
650 _aSCOTTISH OFFICE
650 _aTOWN AND COUNTRY PLANNING (INQUIRIES PROCEDURE) (SCOTLAND) RULES 1997
690 _aPLANNING LAW AND PRACTICE
942 _n0
948 _c03/09/1997
999 _c50771
_d50771